000 03313cam a22003855i 4500
001 16021306
003 EG-ScBUE
005 20250526092433.0
008 091214t2010 flua f b 001 0 eng d
020 _a9781420062991 (hardcover : alk. paper)
020 _a1420062999 (hardcover : alk. paper)
040 _aEG-ScBUE
_beng
_erda
_cEG-ScBUE
_dEG-ScBUE
082 0 4 _a530.414
_bAAR
_222
100 1 _aAaronson, Hubert I.,
_938234
_eauthor.
245 1 0 _aMechanisms of diffusional phase transformations in metals and alloys /
_cHubert I. Aaronson, Masato Enomoto, Jong K. Lee.
264 1 _aBoca Raton :
_bCRC Press / Taylor & Francis Group,
_c[2010]
264 4 _cc2010
300 _axvii, 667 pages :
_billustrations ;
_c27 cm
336 _2rdacontent
_atext
_btxt
337 _2rdamedia
_aunmediated
_bn
338 _2rdacarrier
_avolume
_bnc
504 _aIncludes bibliographical references and index.
505 0 _aApplied thermodynamics -- Diffusional nucleation in solid-solid transformations -- Diffusional growth -- Precipitation -- Massive transformation -- Cellular reaction -- Pearlite reaction -- Martensitic transformations -- Bainite reaction and role of shear in diffusional phase transformations.
520 _a"Developed by the late metallurgy professor and master experimentalist Hubert I. Aaronson, this collection of lecture notes details the fundamental principles of phase transformations in metals and alloys upon which steel and other metals industries are based. Mechanisms of Diffusional Phase Transformations in Metals and Alloys is devoted to solid-solid phase transformations in which elementary atomic processes are diffusional jumps, and these processes occur in a series of so-called nucleation and growth through interface migration. Instead of relying strictly on a pedagogical approach, it documents the evolution of phase transformation concepts. The authors present topics by describing a phenomenon and then following up with a corresponding hypothesis or alternative explanation. In this way, the book also shows how the field continues to evolve and meet new challenges. Integrated with information from a number of key papers and review articles, this volume reflects this revered and influential instructor's unique and passionate way of introducing well-established theories and knowledge in a systematic way, at the same time introducing, in great detail, how a new idea or interpretation of a phenomenon has emerged, evolved, and gained its current status. If the published version of a theory or a model was too condensed, Aaronson worked the problem out in painstaking detail so that graduate students could follow the derivations. This collection is full of such unique 'Aaronsonian idiosyncrasies', which add immense value as a powerful tool for learning in this challenging materials field."--Publisher's description.
650 7 _aMetals
_xMechanical properties.
_2BUEsh
650 7 _aAlloys
_xMechanical properties.
_2BUEsh
650 7 _aMetallography.
_2BUEsh
650 7 _aAlloys
_xMetallography.
_2BUEsh
650 7 _aDiffusion processes.
_2BUEsh
650 7 _aPhase transformations (Statistical physics)
_2BUEsh
_928962
655 _vReading book
700 1 _aEnomoto, Masato,
_eauthor.
700 1 _aLee, Jong K.,
_eauthor.
942 _2ddc
_cBB
999 _c19979
_d19951